000 00948pam a2200289 a 4500
001 36592
003 BD-RjUL
005 20211209052516.0
008 140708s1991 nyua b 001 0 eng
020 _a 9780887304811
020 _a0887304818
035 _a(BD-RjUL)36693
040 _aDLC
_cDLC
_dDLC
_dBD-RjUL
_beng
041 _aeng
082 0 0 _a658.8
_220
_bCLM 1991
100 1 _aClancy, Kevin J.,
_d1942-
_9111499
245 1 4 _aThe marketing revolution :
_ba radical manifesto for dominating the marketplace /
_cKevin J. Clancy, Robert S. Shulman.
260 _a[New York, N.Y.] :
_bHarperBusiness,
_cc1991.
300 _aviii, 314 p. :
_bill. ;
_c24 cm.
504 _aIncludes bibliographical references and index.
650 0 _aMarketing
_xManagement.
_9111500
650 0 _aMarketing research.
_9111501
700 1 _aShulman, Robert S.,
_d1951-
_9111502
942 _2ddc
_cBK
999 _c36592
_d36592